Организация воспитательной и профориентационной работы со студентами в рамках подготовки направления "Техносферная безопасность"; Уровневая подготовка специалистов: электронное обучение и открытые образовательные ресурсы

Manylion Llyfryddiaeth
Parent link:Уровневая подготовка специалистов: электронное обучение и открытые образовательные ресурсы.— 2014.— [С. 378-381]
Prif Awdur: Романцов И. И. Игорь Иванович
Awdur Corfforaethol: Национальный исследовательский Томский политехнический университет (ТПУ) Институт неразрушающего контроля (ИНК) Кафедра экологии и безопасности жизнедеятельности (ЭБЖ)
Crynodeb:Заглавие с титульного листа.
This article is about the education of the person aиd develop they interests in study. The main idea of this article is "interests of students for they profession" and "desire to study". Lecturers should help to the students in they study, help them in formation they interests in the subject. Lecturers should help in formation they civilian position, and they own opinion. The University has "the students corps of rescuers", where girls and guys receive experience and practice. Some students wants to work in the profession, and they must have many practice and knowledge’s, because it is very important for they profession. The University can give them all, what they wants, but students should want it.
Iaith:Rwseg
Cyhoeddwyd: 2014
Cyfres:Разработка и реализация основных образовательных программ (ООП). Партнерство и сетевое взаимодействие университетов и предприятий
Pynciau:
Mynediad Ar-lein:http://earchive.tpu.ru/handle/11683/25689
http://www.lib.tpu.ru/fulltext/c/2014/C09/155.pdf
Fformat: Electronig Pennod Llyfr
KOHA link:https://koha.lib.tpu.ru/cgi-bin/koha/opac-detail.pl?biblionumber=610264

MARC

LEADER 00000naa2a2200000 4500
001 610264
005 20260402125018.0
035 |a (RuTPU)RU\TPU\conf\7860 
035 |a RU\TPU\conf\7859 
090 |a 610264 
100 |a 20150115d2014 k y0rusy50 ca 
101 0 |a rus 
102 |a RU 
135 |a drgn ---uucaa 
181 0 |a i  
182 0 |a b 
200 1 |a Организация воспитательной и профориентационной работы со студентами в рамках подготовки направления "Техносферная безопасность"  |d The organization of educational and professional orientation work with students in preparation for the direction "Technosphere safety"  |f И. И. Романцов 
203 |a Текст  |c электронный 
225 1 |a Разработка и реализация основных образовательных программ (ООП). Партнерство и сетевое взаимодействие университетов и предприятий 
300 |a Заглавие с титульного листа. 
330 |a This article is about the education of the person aиd develop they interests in study. The main idea of this article is "interests of students for they profession" and "desire to study". Lecturers should help to the students in they study, help them in formation they interests in the subject. Lecturers should help in formation they civilian position, and they own opinion. The University has "the students corps of rescuers", where girls and guys receive experience and practice. Some students wants to work in the profession, and they must have many practice and knowledge’s, because it is very important for they profession. The University can give them all, what they wants, but students should want it. 
337 |a Adobe Reader 
463 1 |0 (RuTPU)RU\TPU\conf\7637  |t Уровневая подготовка специалистов: электронное обучение и открытые образовательные ресурсы  |o сборник трудов I Всероссийской научно-методической конференции, 20-21 марта 2014 г., Томск  |f Национальный исследовательский Томский политехнический университет (ТПУ) ; ред. кол. А. И. Чучалин [и др.]  |v [С. 378-381]  |d 2014 
510 1 |a The organization of educational and professional orientation work with students in preparation for the direction "Technosphere safety"  |z eng 
610 1 |a электронный ресурс 
610 1 |a труды учёных ТПУ 
610 1 |a воспитательная работа 
610 1 |a профориентационная работа 
610 1 |a студенты 
610 1 |a техносферная безопасность 
700 1 |a Романцов  |b И. И.  |c специалист в области экологии и безопасности жизнедеятельности  |c доцент Томского политехнического университета, кандидат технических наук  |f 1967-  |g Игорь Иванович  |3 (RuTPU)RU\TPU\pers\32975  |9 16820 
712 0 2 |a Национальный исследовательский Томский политехнический университет (ТПУ)  |b Институт неразрушающего контроля (ИНК)  |b Кафедра экологии и безопасности жизнедеятельности (ЭБЖ)  |3 (RuTPU)RU\TPU\col\18720 
801 2 |a RU  |b 63413507  |c 20210408  |g RCR 
856 4 |u http://earchive.tpu.ru/handle/11683/25689 
856 4 |u http://www.lib.tpu.ru/fulltext/c/2014/C09/155.pdf 
942 |c BK